| 000 | 00516nam a22001937a 4500 | ||
|---|---|---|---|
| 003 | OSt | ||
| 005 | 20140310181934.0 | ||
| 008 | 130723t xxu||||| |||| 00| 0 eng d | ||
| 020 | _a9781853260469 | ||
| 050 |
_aPR 4710 _b.G248 1994 |
||
| 082 |
_aCLA G21c _b1993 |
||
| 100 |
_aGaskell, Elizabeth _93208 |
||
| 245 |
_aCranford / _cElizabeth Gaskell. |
||
| 260 |
_aHertfordshire : _bWordsworth Editions Ltd, _cc1993. |
||
| 300 |
_a255 p. : _c18 cm. |
||
| 541 | _j1 | ||
| 562 | _e1 | ||
| 942 |
_2lcc _cBBK _kCLA |
||
| 999 |
_c7489 _d7489 |
||